Ensayo sobre la ceguera / (Registro nro. 2761)
[ vista simple ]
| 000 -LEADER | |
|---|---|
| fixed length control field | 01057nam a2200205 4500 |
| 008 - CAMPO DE CONTROL (LIBRO) | |
| fixed length control field | 180523s2006 ag |||gr|||| 000 e spa d |
| 020 ## - INTERNATIONAL STANDARD BOOK NUMBER | |
| ISBN | 9789871106172 |
| 041 ## - CODIGO DE IDIOMA | |
| Código de idioma del texto/pista de sonido o título separado | spa |
| 092 ## - SIGNATURA TOPOGRAFICA DEWEY LOCAL | |
| número de clasificación | 808 |
| libristica | 77 |
| sección | SAR |
| 100 1# - ENTRADA PRINCIPAL--NOMBRE PERSONAL | |
| Nombre personal | Saramago, José |
| 9 (RLIN) | 3296 |
| 245 ## - TITULO PROPIAMENTE DICHO | |
| Título | Ensayo sobre la ceguera / |
| Mención de responsabilidad y remanente de la transcripción de la portada | José Saramago |
| 250 ## - MENCION DE EDICION | |
| Mención de edición | 1a ed. 4ta reimp. |
| Mención de responsabilidad relacionada con la ed. | Traducción Basilio Losada |
| 260 ## - PIE DE IMPRENTA | |
| Lugar de publicación, distribución, etc | Buenos Aires: |
| Nombre de la editorial, distribuidor, etc | Punto de Lectura; |
| Fecha de publicación | 2006. |
| 300 ## - DESCRIPCION FISICA | |
| Extension | 439 p. |
| 500 ## - NOTA GENERAL | |
| Nota general | Saramago, J. (2006). Ensayo sobre la ceguera. (1a ed.). Buenos Aires : Punto de Lectura. |
| 505 ## - NOTA DE CONTENIDO | |
| Nota de contenido formateada | Una ceguera blanca se expande de manera fulminante. Internados en cuarentena o perdidos por la ciudad, los ciegos deben enfrentarse a lo más primitivo de la especia humana: la voluntad de sobrevivir a cualquier precio. José Saramago, Premio Nobel de Literatura 1998, teje una aterradora parábola acerca del ser humano, que encierra lo más sublime y miserable de nosotros mismos. |
| 590 ## - NOTAS LOCALES (RLIN) | |
| Nota local | Proyecto 4to libro, donación Victoria Lara, mayo 2018. |
| 655 ## - MATERIA - GENERO/FORMA | |
| Género/Forma | Literatura |
| -- | 2917 |
| 942 ## - ADDED ENTRY ELEMENTS (KOHA) | |
| Source of classification or shelving scheme | Dewey Decimal Classification |
| Item type | LITERATURA |
| Estado de retiro | Existencia | Fuente de clasificación | Estado general | No para prestamo | Ubicación permanente | ubicación actual | Sala de ubicación | Fecha de adquisición | Fuente de adquisición | Total Checkouts | Total Renewals | Número de clasificación | Código de barras | Date last seen | Date last borrowed | Número de ejemplar | Price effective from | Koha tipo de elemento (item) | Public note |
|---|---|---|---|---|---|---|---|---|---|---|---|---|---|---|---|---|---|---|---|
| Dewey Decimal Classification | Biblioteca Medicina | Biblioteca Medicina | Circulación | 23/05/2018 | Donación Victoria Lara, mayo 2018. | 2 | 1 | 808 77 SAR | 4304 | 15/02/2019 | 21/12/2018 | Ej. 1 | 23/05/2018 | LITERATURA | Proyecto 4to libro, donación Victoria Lara, mayo 2018. |